02683nam a2200313 i 450000100190000000500170001900800410003601500160007701700450009302000180013803500250015603500220018104000350020304100120023810000420025024501560029225000180044826400330046630000390049949000230053852008430056152007790140465000190218365300280220283000230223094200080225395200930226199900150235499105586722970670620250619152210.0200615e202001uuspca||| |||| 0|0 0 spa|  aLL20202bnc aDL B 26435-2019bBiblioteca de Catalunya a9788449336515 a(ES-BaCBU).b74259076 a(OCoLC)1256470731 aES-BaBCbEnglisherdacES-BaBC aSpanish aPereyra Marí, Jordi,d1990-eauthor10aRespuestas sorprendentes a preguntas cotidianas b: curiosidades que solo la ciencia puede explicar c/ Jordi Pereyra ; prólogo de Javier Santaolalla aFirst edition 1aBarcelona :bPaidós,c2020 a374 pages:billustrations ;c24 cm1 aPaidós contextos aLos humanos tenemos la extraña manía de hacernos preguntas. Muchas. Todos los días. Pero a veces, por más que lo intentemos y aunque no nos guste admitirlo, no solo no encontramos las respuestas, sino que ni tan siquiera sabemos dónde ir a buscarlas. ¿O es que nunca os habéis preguntado por qué saltan chispas cuando metemos un metal en el microondas? Sin embargo, la verdadera pregunta es esta: ¿dónde están las respuestas? Pues en la ciencia, ¿dónde si no? El problema es que la ciencia a veces se convierte en algo oscuro e ininteligible, y por mucho que googleemos nuestras dudas, no hay quien entienda los resultados. Tranquilos, tenemos la solución. Jordi Pereyra, autor del blog y canal de YouTube «Ciencia de Sofá», nos resolverá todas las dudas en Respuestas sorprendentes a preguntas cotidianas. aHumans have a peculiar habit: we ask questions. Lots of them. Every single day. But sometimes, no matter how hard we try — and even if we don’t like to admit it — we not only fail to find the answers, but we haven’t the faintest idea where to start looking. Haven’t you ever wondered why sparks fly when you put metal in the microwave? But the real question is this: where are the answers? In science, of course — where else? The trouble is, science can sometimes seem obscure and incomprehensible, and no matter how much we Google our doubts, we’re left none the wiser. Not to worry — we’ve got the solution. Jordi Pereyra, creator of the blog and YouTube channel Ciencia de Sofá, is here to clear things up in Surprising Answers to Everyday Questions. 0aScience912924 aCuriosities and enigmas 0aPaidós contextos 2lcc 00102lcc4070aTBSbTBSd2025-06-19l0oQ173 PERpB06010r2025-06-19t1w2025-06-19y1 c4784d4784